Transformando la excelencia en la investigacin̤ Nuevas ideas del Sur Global /

Detalles Bibliográficos
Autor principal: Kraemer Mbula, Erika
Otros Autores: Tijssen, Robert, Wallace, Matthew, McLean, Robert
Formato: eBook
Lenguaje:español
Publicado: Bogot:̀ Universidad del Rosario, 2021
Materias:
Acceso en línea:Acceso restringido

MARC

LEADER 00000nam a22000007a 4500
005 20220825230649.0
007 cr|||| ||||
008 220825s2021 co |||||s|||| 00||0 spa d
020 |a 978-958-784-770-3 
035 |a 36974 
040 |a vLex 
090 |c 13847  |d 13847 
100 1 |a Kraemer Mbula, Erika 
245 1 0 |a Transformando la excelencia en la investigacin̤  |h [Recurso electrn̤ico] :  |b Nuevas ideas del Sur Global /  |c Erika Kraemer Mbula, Robert Tijssen, Matthew Wallace, Robert McLean 
256 |a Servicio en ln̕ea 
260 |a Bogot:̀  |b Universidad del Rosario,  |c 2021 
300 |a 1 recurso electrn̤ico 
506 1 |a Disponible solo en los productos indicados  |d vLex Global  |d vLex Global (Academic Edition, excluding Law Schools)  |d vLex Global (U.S. Academic Edition, Law Schools)  |d vLex Global (U.S. Academic Edition, excluding Law Schools)  |d vLex Global (Academic Edition, Law Schools) 
650 0 4 |a Derecho Comunitario  |z Colombia 
700 1 |a Tijssen, Robert 
700 1 |a Wallace, Matthew 
700 1 |a McLean, Robert 
740 0 |a vLex Libros (Servicio en ln̕ea) 
856 4 0 |u https://app.vlex.com/#/sources/36974  |z Acceso restringido 
942 |c BOOK 
999 0 |a Community Law